[Event "2BLO 2324 SC Erlangen - Erfurter SK"]
[Site "?"]
[Date "2024.02.04"]
[Round "6.5"]
[White "Casper, Thomas"]
[Black "Schulz, Lukas"]
[Result "1-0"]
[WhiteElo "2352"]
[BlackElo "2306"]
[PlyCount "55"]
[EventDate "2024.??.??"]

1. e4 c5 2. Nf3 Nc6 3. Bb5 g6 4. O-O Bg7 5. c3 e5 6. d3 Nge7 7. Nbd2 O-O 8. a3 a6 9. Bc4 Kh8 10. b4 d5 11. Ba2 cxb4 12. cxb4 f5 13. Bb2 b6 14. Rc1 Bb7 15. Re1 Qd7 16. exd5 Nxd5 17. Nc4 Rae8 18. Ncxe5 Nxe5 19. Nxe5 Qd8 20. Qd2 g5 21. g3 f4 22. Re2 fxg3 23. hxg3 Nf4 24. gxf4 gxf4 25. f3 Rf5 26. Rce1 Rexe5 27. Rxe5 Qg5+ 28. Qg2 1-0

[Event "2BLO 2324 SC Erlangen - Erfurter SK"]
[Site "?"]
[Date "2024.02.04"]
[Round "6.6"]
[White "Ott, Florian"]
[Black "Troyke, Christian"]
[Result "1/2-1/2"]
[WhiteElo "2291"]
[BlackElo "2309"]
[PlyCount "24"]
[EventDate "2024.??.??"]

1. d4 g6 2. e4 Bg7 3. c4 d6 4. Nc3 Nf6 5. Be2 O-O 6. Bg5 c5 7. d5 h6 8. Bf4 e6 9. dxe6 Bxe6 10. Qd2 Qb6 11. Nf3 Nc6 12. O-O g5 1/2-1/2

[Event "2BLO 2324 SC Erlangen - Erfurter SK"]
[Site "?"]
[Date "2024.02.04"]
[Round "6.7"]
[White "Brueggemann, Joachim"]
[Black "Hilverda, Alexander"]
[Result "1/2-1/2"]
[WhiteElo "2277"]
[BlackElo "2234"]
[PlyCount "69"]
[EventDate "2024.??.??"]

1. e4 c5 2. Nf3 e6 3. d3 Nc6 4. g3 Nf6 5. Bg2 e5 6. O-O Be7 7. c3 O-O 8. d4 d6 9. dxe5 dxe5 10. Qc2 h6 11. Nh4 a6 12. Nd2 b5 13. Rd1 Qb6 14. Nf5 Bxf5 15. exf5 Rad8 16. Re1 Rfe8 17. Ne4 Nb8 18. Be3 Nd5 19. a4 Nxe3 20. Rxe3 Nd7 21. a5 Qc7 22. c4 b4 23. Rd3 Nb8 24. f6 Bxf6 25. Nxf6+ gxf6 26. Bd5 Kg7 27. Rf3 Rd6 28. Qe4 Qd7 29. Qe3 Rc8 30. g4 Rxd5 31. cxd5 Qxd5 32. Rh3 Rh8 33. Rc1 c4 34. Qe2 Rc8 35. Qe3 1/2-1/2

[Event "2BLO 2324 SC Erlangen - Erfurter SK"]
[Site "?"]
[Date "2024.02.04"]
[Round "6.8"]
[White "Willim, Michael"]
[Black "Engers, Felix"]
[Result "0-1"]
[WhiteElo "2155"]
[BlackElo "2206"]
[PlyCount "80"]
[EventDate "2024.??.??"]

1. c4 g6 2. Nc3 c5 3. g3 Bg7 4. Bg2 Nc6 5. a3 b6 6. b4 Bb7 7. e3 Qc8 8. bxc5 Ne5 9. Kf1 Bxg2+ 10. Kxg2 Qxc5 11. d4 Qc6+ 12. e4 Nxc4 13. Nge2 Nf6 14. d5 Qc5 15. Bg5 h6 16. Na4 Qa5 17. Bxf6 Bxf6 18. Rc1 b5 19. Nac3 Nxa3 20. Qb3 a6 21. Ra1 b4 22. Ra2 Qc5 23. Rc1 Bxc3 24. Nxc3 O-O 25. Ne2 Qd6 26. f4 f6 27. Qd3 Kh7 28. h4 e5 29. Rf1 f5 30. h5 Rae8 31. hxg6+ Qxg6 32. fxe5 fxe4 33. Qd1 Nc4 34. Qd4 Rxf1 35. Kxf1 b3 36. Nf4 Qf5 37. Rf2 b2 38. Rxb2 Nxb2 39. Qxb2 Rxe5 40. Kg2 e3 0-1

[Event "2BLO 2324 SK München Südost - Erfurter"]
[Site "?"]
[Date "2024.02.24"]
[Round "7.1"]
[White "Romanov, Evgeny"]
[Black "Marcelin, Cyril"]
[Result "1/2-1/2"]
[WhiteElo "2593"]
[BlackElo "2450"]
[PlyCount "76"]
[EventDate "2024.??.??"]

1. c4 e6 2. Nc3 d5 3. d4 Nf6 4. Bg5 Nbd7 5. e3 h6 6. Bh4 Be7 7. Rc1 O-O 8. a3 c6 9. Bg3 a6 10. c5 b6 11. cxb6 Nxb6 12. Nf3 Nfd7 13. Bd3 Bb7 14. O-O c5 15. dxc5 Nxc5 16. Bb1 Rc8 17. Nd4 Qd7 18. h4 Rfd8 19. h5 Nc4 20. Qe2 Bf6 21. Rfd1 Nd6 22. b4 Nce4 23. Nxe4 Nxe4 24. Bxe4 dxe4 25. Rxc8 Qxc8 26. Nb3 Rxd1+ 27. Qxd1 Bd5 28. Nc5 a5 29. Qa4 axb4 30. axb4 Be7 31. Na6 Qc6 32. b5 Qc4 33. Qa5 Qc1+ 34. Kh2 Qd1 35. b6 Qxh5+ 36. Kg1 Qd1+ 37. Kh2 Qh5+ 38. Kg1 Qd1+ 1/2-1/2

[Event "2BLO 2324 SK München Südost - Erfurter"]
[Site "?"]
[Date "2024.02.24"]
[Round "7.2"]
[White "Kosic, Dragan"]
[Black "Votava, Jan"]
[Result "1/2-1/2"]
[WhiteElo "2375"]
[BlackElo "2437"]
[PlyCount "56"]
[EventDate "2024.??.??"]

1. d4 Nf6 2. Nf3 e6 3. c4 b6 4. Nc3 Bb7 5. a3 d5 6. Bg5 Be7 7. Bxf6 Bxf6 8. cxd5 exd5 9. g3 O-O 10. Bg2 Nd7 11. O-O g6 12. Rc1 Bg7 13. b4 a6 14. Qb3 c6 15. Rfd1 b5 16. e4 Nb6 17. exd5 cxd5 18. a4 bxa4 19. Nxa4 Nxa4 20. Qxa4 Re8 21. Qa5 Rb8 22. Qxd8 Rexd8 23. Ne5 Bxe5 24. dxe5 d4 25. Rc4 Bxg2 26. Kxg2 d3 27. Rd2 Rb6 28. Rc3 Rxb4 1/2-1/2

[Event "2BLO 2324 SK München Südost - Erfurter"]
[Site "?"]
[Date "2024.02.24"]
[Round "7.3"]
[White "Enders, Peter"]
[Black "Hoefelsauer, Thomas"]
[Result "1-0"]
[WhiteElo "2389"]
[BlackElo "2331"]
[PlyCount "81"]
[EventDate "2024.??.??"]

1. e4 c6 2. b3 d5 3. Bb2 dxe4 4. g4 e3 5. fxe3 Qd5 6. Nf3 Bxg4 7. Bg2 Nf6 8. Qe2 Qh5 9. Nc3 Bxf3 10. Bxf3 Qh4+ 11. Kd1 Nbd7 12. Kc1 g6 13. Kb1 Bg7 14. a3 O-O 15. Ka2 a5 16. Rad1 Ne5 17. Bg2 Qg4 18. Qf1 Qe6 19. Bh3 Qd6 20. d4 Ned7 21. e4 Qc7 22. e5 Nd5 23. Nxd5 cxd5 24. e6 fxe6 25. Bxe6+ Kh8 26. Qe2 Nf6 27. Rd3 Nh5 28. Rc3 Qb6 29. Bg4 Qxd4 30. Bxh5 gxh5 31. Qxe7 Bf6 32. Qxb7 Rab8 33. Qc7 a4 34. Rf1 Be5 35. Rxf8+ Rxf8 36. bxa4 Re8 37. Qc6 Rf8 38. Qc5 Qxc5 39. Rxc5 Bxb2 40. Kxb2 d4 41. a5 1-0

[Event "2BLO 2324 SK München Südost - Erfurter"]
[Site "?"]
[Date "2024.02.24"]
[Round "7.4"]
[White "Huber, Benedikt"]
[Black "Voekler, Bernd"]
[Result "1-0"]
[WhiteElo "2262"]
[BlackElo "2322"]
[PlyCount "57"]
[EventDate "2024.??.??"]

1. d4 Nf6 2. c4 e5 3. dxe5 Ne4 4. a3 d6 5. Qc2 Nc5 6. b4 Ne6 7. Bb2 a5 8. exd6 Bxd6 9. c5 Be7 10. e3 axb4 11. axb4 Rxa1 12. Bxa1 b6 13. Bc4 O-O 14. Nf3 Nc6 15. Qa4 Bd7 16. Bxe6 fxe6 17. b5 Qa8 18. Qxa8 Rxa8 19. Bc3 Na5 20. c6 Be8 21. Be5 Nc4 22. Bxc7 Bb4+ 23. Ke2 Bg6 24. Rd1 Ra2+ 25. Kf1 Ra1 26. Be5 Nxe5 27. Nxe5 Bxb1 28. Rd8+ Bf8 29. Ke2 1-0

[Event "2BLO 2324 SK München Südost - Erfurter"]
[Site "?"]
[Date "2024.02.24"]
[Round "7.5"]
[White "Casper, Thomas"]
[Black "Lohvinov, Petro"]
[Result "1-0"]
[WhiteElo "2352"]
[BlackElo "2193"]
[PlyCount "97"]
[EventDate "2024.??.??"]

1. e4 c5 2. Nf3 e6 3. c3 Nf6 4. d3 Nc6 5. Be2 Be7 6. O-O Qc7 7. Re1 d5 8. Bf1 O-O 9. Bg5 d4 10. e5 Nd5 11. c4 Nb6 12. Bf4 f5 13. exf6 Qxf4 14. fxe7 Nxe7 15. Qd2 Qd6 16. Ng5 Ng6 17. Ne4 Qe7 18. Qg5 Qxg5 19. Nxg5 e5 20. Ne4 Nd7 21. g3 b6 22. Nd6 Nf6 23. Bg2 Rb8 24. Nxc8 Rfxc8 25. Nd2 a6 26. a4 Re8 27. Re2 Re7 28. Ne4 Kf8 29. Ra3 Nxe4 30. Bxe4 Kf7 31. Ra1 Kf6 32. b3 Nf8 33. Rae1 Ng6 34. Kg2 Nf8 35. h4 b5 36. axb5 axb5 37. Ra1 bxc4 38. bxc4 h6 39. Bd5 Nd7 40. Ra7 Rb3 41. f4 Nb6 42. Rxe7 Kxe7 43. Rxe5+ Kf8 44. Be4 Nd7 45. Rd5 Nf6 46. Rxc5 Ng4 47. Bg6 Rb6 48. h5 Ke7 49. Kf3 1-0

[Event "2BLO 2324 SK München Südost - Erfurter"]
[Site "?"]
[Date "2024.02.24"]
[Round "7.6"]
[White "Kostic, Vladimir G"]
[Black "Brueggemann, Joachim"]
[Result "1/2-1/2"]
[WhiteElo "2171"]
[BlackElo "2277"]
[PlyCount "109"]
[EventDate "2024.??.??"]

1. e4 c5 2. c3 d6 3. d4 Nf6 4. dxc5 Nc6 5. f3 d5 6. exd5 Nxd5 7. Bc4 e6 8. Bxd5 exd5 9. Be3 b6 10. cxb6 Bd6 11. Ne2 O-O 12. Bf2 axb6 13. O-O Ba6 14. Re1 Ne5 15. Nc1 Re8 16. Nd2 Qg5 17. Nf1 Bc5 18. Ng3 h5 19. Bxc5 bxc5 20. f4 Qxf4 21. Nxh5 Qh4 22. Nb3 Nd3 23. Rxe8+ Rxe8 24. Ng3 Qf4 25. Qd2 Qxd2 26. Nxd2 Nxb2 27. Rb1 Na4 28. Rc1 Re3 29. c4 Rd3 30. Ngf1 dxc4 31. Nf3 Ra3 32. N1d2 Rxa2 33. Nxc4 f6 34. Nd6 Bd3 35. Ne1 Ba6 36. Nf3 Kh7 37. h4 Ra3 38. Kh2 Nc3 39. Nd2 Ra2 40. Rxc3 Rxd2 41. Ne4 Rd4 42. Nxc5 Rxh4+ 43. Rh3 Rxh3+ 44. Kxh3 Bf1 45. Kg3 Kg6 46. Kf2 Bc4 47. Ne4 Bd5 48. Nc3 Bc6 49. Ne2 Kg5 50. Kg3 Bb7 51. Nd4 Bd5 52. Ne2 f5 53. Nf4 Be4 54. Ne6+ Kf6 55. Nxg7 1/2-1/2

[Event "2BLO 2324 SK München Südost - Erfurter"]
[Site "?"]
[Date "2024.02.24"]
[Round "7.7"]
[White "Apel, Linus"]
[Black "Bergauz, Avigdor"]
[Result "0-1"]
[WhiteElo "1522"]
[BlackElo "2203"]
[PlyCount "112"]
[EventDate "2024.??.??"]

1. e4 c6 2. d4 d5 3. Nc3 dxe4 4. Nxe4 Nf6 5. Nxf6+ exf6 6. c3 Bd6 7. Bd3 Na6 8. Ne2 Nc7 9. Bf4 Nd5 10. Bxd6 Qxd6 11. O-O O-O 12. Ng3 g6 13. Re1 f5 14. Qd2 Be6 15. Qg5 Qf4 16. Qxf4 Nxf4 17. Bf1 a5 18. a3 b5 19. Ne2 Nd5 20. Nc1 Nb6 21. Nd3 Na4 22. Nc5 Nxc5 23. dxc5 a4 24. Rad1 Rfd8 25. Rd6 Rxd6 26. cxd6 Bb3 27. Re2 Bc4 28. Rd2 Bxf1 29. Kxf1 Kf8 30. c4 bxc4 31. Rd4 Ke8 32. Rxc4 Kd7 33. Rd4 c5 34. Rd2 Kc6 35. Re2 Kxd6 36. Rd2+ Ke5 37. Ke2 Ra6 38. g3 g5 39. Rc2 Kd4 40. Rd2+ Kc4 41. Rd3 Re6+ 42. Kd2 g4 43. Rd7 Rb6 44. Kc2 Rf6 45. Ra7 Kb5 46. Rb7+ Ka6 47. Rb8 f4 48. Ra8+ Kb5 49. Rb8+ Kc6 50. Ra8 fxg3 51. fxg3 Kb5 52. Kd3 Rf3+ 53. Ke2 Rb3 54. Rb8+ Kc4 55. Ra8 Rxb2+ 56. Ke3 Kb3 0-1

[Event "2BLO 2324 SK München Südost - Erfurter"]
[Site "?"]
[Date "2024.02.24"]
[Round "7.8"]
[White "Stadler, Andreas"]
[Black "Belin, Anton"]
[Result "1/2-1/2"]
[WhiteElo "2042"]
[BlackElo "1845"]
[PlyCount "74"]
[EventDate "2024.??.??"]

1. d4 d5 2. c4 e6 3. Nf3 Nf6 4. g3 Be7 5. Bg2 O-O 6. O-O c6 7. Nbd2 Nbd7 8. Qc2 b6 9. e4 dxe4 10. Nxe4 Nxe4 11. Qxe4 Bb7 12. Re1 Nf6 13. Qe2 Re8 14. Be3 c5 15. Rad1 Qc7 16. Bf4 Bd6 17. Be5 Bxe5 18. dxe5 Nd7 19. Rd6 Rad8 20. Red1 h6 21. Qd2 Bxf3 22. Bxf3 Nxe5 23. Be2 Nc6 24. Rd3 Rxd3 25. Bxd3 Rd8 26. Qe2 Qc8 27. Re1 Nd4 28. Qe4 f5 29. Qe3 Qc6 30. Be2 e5 31. Bd1 e4 32. Kg2 Qe6 33. b3 Nc6 34. Bc2 Ne5 35. h3 Nf3 36. Rd1 Nd4 37. Bb1 Re8 1/2-1/2

[Event "2BLO 2324 FC Bayern München II - Nickel"]
[Site "?"]
[Date "2024.02.24"]
[Round "7.1"]
[White "Antal, Gergely"]
[Black "Girel, Joseph"]
[Result "1/2-1/2"]
[WhiteElo "2585"]
[BlackElo "2484"]
[PlyCount "86"]
[EventDate "2024.??.??"]

1. e4 e6 2. d4 d5 3. Nd2 c5 4. exd5 Qxd5 5. dxc5 Qxc5 6. Ngf3 Nf6 7. Bd3 Be7 8. O-O Nbd7 9. a4 O-O 10. a5 Qc7 11. Qe2 b6 12. a6 Nc5 13. Bc4 Bd7 14. Ne5 b5 15. Nxd7 Ncxd7 16. Bd3 b4 17. Ne4 Nc5 18. Nxc5 Bxc5 19. Bg5 Bd4 20. Ra4 Rab8 21. c3 Qe5 22. Qxe5 Bxe5 23. Be3 bxc3 24. bxc3 Rbd8 25. Bb5 Nd5 26. Re4 Nxe3 27. Rxe3 Bc7 28. Ree1 Rd2 29. Re2 Rfd8 30. Rfe1 Ba5 31. Kf1 Rxe2 32. Kxe2 Bxc3 33. Rd1 Bd4 34. f4 h6 35. Kf3 Kf8 36. Bc4 Ke7 37. g4 g5 38. fxg5 hxg5 39. Ke4 Bb6 40. Rxd8 Bxd8 41. h3 Kd6 42. Bb5 f5+ 43. gxf5 exf5+ 1/2-1/2

[Event "2BLO 2324 FC Bayern München II - Nickel"]
[Site "?"]
[Date "2024.02.24"]
[Round "7.2"]
[White "Soderstrom, Adrian"]
[Black "Slobodjan, Roman"]
[Result "1/2-1/2"]
[WhiteElo "2307"]
[BlackElo "2449"]
[PlyCount "62"]
[EventDate "2024.??.??"]

1. e4 e5 2. Nf3 Nc6 3. Bb5 Nf6 4. O-O Nxe4 5. Re1 Nd6 6. Nxe5 Be7 7. Bf1 Nxe5 8. Rxe5 O-O 9. d4 Ne8 10. c4 Bf6 11. Re1 d5 12. cxd5 Qxd5 13. Be3 Bf5 14. Nc3 Qd7 15. d5 Nd6 16. Bd4 Bxd4 17. Qxd4 Rfe8 18. Rxe8+ Qxe8 19. Rc1 a6 20. Nd1 Qe1 21. Qc5 Qe5 22. Ne3 Re8 23. Qc3 Qxc3 24. bxc3 Bd7 25. c4 c5 26. dxc6 Bxc6 27. Rd1 Ne4 28. Nd5 Kf8 29. Rd4 Nc5 30. Nc3 Re6 31. Rd2 h6 1/2-1/2

[Event "2BLO 2324 FC Bayern München II - Nickel"]
[Site "?"]
[Date "2024.02.24"]
[Round "7.3"]
[White "Berczes, David"]
[Black "Fedorovsky, Michael"]
[Result "1/2-1/2"]
[WhiteElo "2425"]
[BlackElo "2410"]
[PlyCount "47"]
[EventDate "2024.??.??"]

1. Nf3 d5 2. d4 Nf6 3. e3 c5 4. c3 Qc7 5. dxc5 Qxc5 6. b4 Qc7 7. Bb2 e5 8. a3 a5 9. Nbd2 Nbd7 10. Bb5 Bd6 11. c4 axb4 12. axb4 Rxa1 13. Qxa1 dxc4 14. O-O e4 15. Ng5 O-O 16. h3 Bh2+ 17. Kh1 Be5 18. Bxc4 Bxb2 19. Qxb2 Qe5 20. Qxe5 Nxe5 21. Bb3 Bf5 22. f4 exf3 23. Ndxf3 Nxf3 24. Nxf3 1/2-1/2

[Event "2BLO 2324 FC Bayern München II - Nickel"]
[Site "?"]
[Date "2024.02.24"]
[Round "7.4"]
[White "Zajogin, Alexander"]
[Black "Pulpan, Jakub"]
[Result "0-1"]
[WhiteElo "2367"]
[BlackElo "2382"]
[PlyCount "70"]
[EventDate "2024.??.??"]

1. d4 d5 2. Nf3 Nf6 3. e3 b6 4. c4 e6 5. cxd5 exd5 6. Bb5+ c6 7. Bd3 Bd6 8. O-O O-O 9. Qc2 Bb7 10. Nc3 c5 11. Nb5 Be7 12. Ne5 a6 13. Nc3 Nc6 14. Nxc6 Bxc6 15. dxc5 bxc5 16. Ne2 Bb7 17. Ng3 Re8 18. b3 Qb6 19. Bb2 g6 20. Rac1 Rac8 21. Qb1 Bf8 22. Rfe1 Bg7 23. Qa1 Rcd8 24. Rc2 d4 25. e4 Ng4 26. f4 Qf6 27. Rxc5 Qxf4 28. Re2 Nxh2 29. Nh5 gxh5 30. Rxh5 Ng4 31. e5 h6 32. Bc1 Ne3 33. Rf2 Qg4 34. Be2 Qg6 35. Rh4 Rxe5 0-1

[Event "2BLO 2324 FC Bayern München II - Nickel"]
[Site "?"]
[Date "2024.02.24"]
[Round "7.5"]
[White "Langrock, Hannes"]
[Black "Grafl, Florian"]
[Result "1/2-1/2"]
[WhiteElo "2367"]
[BlackElo "2345"]
[PlyCount "100"]
[EventDate "2024.??.??"]

1. d4 e6 2. Nf3 b6 3. g3 Bb7 4. Bg2 d5 5. O-O Nd7 6. b3 Ngf6 7. Bb2 c5 8. Nbd2 cxd4 9. Nxd4 e5 10. Nf5 g6 11. Ne3 Rb8 12. Nf3 Bd6 13. Nc4 Qe7 14. Nxd6+ Qxd6 15. a4 O-O 16. a5 Qc7 17. axb6 axb6 18. e3 Rfc8 19. Qe2 Ne4 20. c4 dxc4 21. bxc4 f6 22. Rfd1 Ndc5 23. Qc2 Ra8 24. h4 Bc6 25. Qe2 Na4 26. Ra3 Qe7 27. Rda1 Qb4 28. Bc1 Nac3 29. Qd3 Qe7 30. Rxa8 Bxa8 31. Bb2 Rd8 32. Qc2 Qb4 33. Bxc3 Nxc3 34. Kh2 Be4 35. Qc1 Rd1 36. Qa3 Qxa3 37. Rxa3 Rc1 38. Nd2 Bxg2 39. Kxg2 Rc2 40. Rb3 f5 41. Nf3 Ne4 42. Nxe5 Rxf2+ 43. Kg1 Re2 44. g4 Nd2 45. Ra3 fxg4 46. Nxg4 Nxc4 47. Ra7 h5 48. Nf6+ Kf8 49. Nh7+ Ke8 50. Nf6+ Kf8 1/2-1/2

[Event "2BLO 2324 FC Bayern München II - Nickel"]
[Site "?"]
[Date "2024.02.24"]
[Round "7.6"]
[White "Unzicker, Ferdinand"]
[Black "Spiess, Gunter"]
[Result "1/2-1/2"]
[WhiteElo "2281"]
[BlackElo "2344"]
[PlyCount "101"]
[EventDate "2024.??.??"]

1. c4 e6 2. Nf3 d5 3. d4 Nf6 4. Nc3 c6 5. g3 Nbd7 6. Bg2 Be7 7. O-O b6 8. Ne5 Bb7 9. e4 dxe4 10. Nxe4 Nxe4 11. Bxe4 Nxe5 12. dxe5 O-O 13. Bf4 Qxd1 14. Rfxd1 Rad8 15. b3 h6 16. Be3 Ba3 17. f4 Rfe8 18. Kg2 Kf8 19. Bf2 Ba8 20. g4 Be7 21. h4 c5 22. Kf3 Bxe4+ 23. Kxe4 Rxd1 24. Rxd1 Rd8 25. Rxd8+ Bxd8 26. h5 Be7 27. Be3 Ke8 28. g5 hxg5 29. fxg5 Kf8 30. Bd2 a5 31. Bf4 Bd8 32. Kd3 Bc7 33. Ke3 Kg8 34. Kd3 Kf8 35. Ke4 Kg8 36. g6 Kf8 37. Bg5 Ke8 38. Bf4 Bd8 39. Kd3 Bh4 40. Kc2 Be1 41. Kd3 Bh4 42. Bd2 Bg3 43. Ke4 Ke7 44. Bc3 Ke8 45. Kd3 Ke7 46. a3 Ke8 47. Kc2 Bh4 48. b4 a4 49. bxc5 bxc5 50. Ba5 Be7 51. Kd3 1/2-1/2

[Event "2BLO 2324 FC Bayern München II - Nickel"]
[Site "?"]
[Date "2024.02.24"]
[Round "7.7"]
[White "Wichmann, Cliff"]
[Black "Hoeglauer, Patrick"]
[Result "1-0"]
[WhiteElo "2286"]
[BlackElo "2264"]
[PlyCount "57"]
[EventDate "2024.??.??"]

1. d4 Nf6 2. Nc3 d5 3. Bf4 e6 4. Nf3 Bb4 5. Nd2 c6 6. e3 Nbd7 7. a3 Ba5 8. Bd3 Bc7 9. Bxc7 Qxc7 10. f4 c5 11. O-O Qb6 12. Nf3 c4 13. Be2 Qxb2 14. Qd2 Qb6 15. Ne5 O-O 16. Bf3 Nxe5 17. fxe5 Nd7 18. Rab1 Qa5 19. e4 dxe4 20. Bxe4 Rb8 21. Rf3 f5 22. exf6 Nxf6 23. Qf4 Bd7 24. Rbf1 Qb6 25. Kh1 h6 26. Qe5 Ng4 27. Qg3 Qxd4 28. Qxg4 Qxc3 29. Qg6 1-0

[Event "2BLO 2324 FC Bayern München II - Nickel"]
[Site "?"]
[Date "2024.02.24"]
[Round "7.8"]
[White "Lentrodt, Thomas"]
[Black "Eichner, Sebastian"]
[Result "0-1"]
[WhiteElo "2215"]
[BlackElo "2299"]
[PlyCount "46"]
[EventDate "2024.??.??"]

1. d4 Nf6 2. c4 e6 3. Nf3 Bb4+ 4. Bd2 Qe7 5. g3 Bxd2+ 6. Qxd2 Nc6 7. Nc3 d5 8. Ne5 O-O 9. Bg2 dxc4 10. Nxc4 Rd8 11. e3 e5 12. Bxc6 exd4 13. Bg2 dxc3 14. Qxc3 Bf5 15. O-O Rd3 16. Qe5 Qd7 17. Bxb7 Rb8 18. Bg2 Bh3 19. b3 Bxg2 20. Kxg2 Rb5 21. Qf4 Rf5 22. Ne5 Qd5+ 23. e4 Nxe4 0-1

[Event "2BLO 2324 SV Deggendorf - SK Göggingen"]
[Site "?"]
[Date "2024.02.24"]
[Round "7.1"]
[White "Postny, Evgeny"]
[Black "Narayanan S L"]
[Result "1-0"]
[WhiteElo "2597"]
[BlackElo "2694"]
[PlyCount "149"]
[EventDate "2024.??.??"]

1. d4 Nf6 2. c4 e6 3. g3 d5 4. Bg2 Be7 5. Nf3 O-O 6. O-O c6 7. Qc2 b6 8. b3 Nbd7 9. Rd1 Bb7 10. Nc3 Qc8 11. Bb2 Ba6 12. Nd2 b5 13. e4 dxc4 14. bxc4 bxc4 15. Na4 Bb5 16. Nc3 a5 17. Ncb1 Nb6 18. a4 Ba6 19. Na3 Rb8 20. Bf1 c5 21. d5 exd5 22. exd5 Nfxd5 23. Naxc4 Nb4 24. Qe4 Nxc4 25. Bxc4 Re8 26. Qf4 Bxc4 27. Nxc4 Nc6 28. Bc3 Rb3 29. Rac1 h6 30. Nd6 Bxd6 31. Rxd6 Re6 32. Rd5 Ne7 33. Rdd1 Qa8 34. Qc4 Rb7 35. Qxc5 Ra7 36. Qd4 Nf5 37. Qd8+ Qxd8 38. Rxd8+ Kh7 39. Rd5 Ne7 40. Rc5 Rea6 41. Rb1 Nc6 42. h4 f6 43. h5 Kg8 44. Rd1 Ne7 45. Kg2 Kf7 46. f4 Rc6 47. Rxc6 Nxc6 48. Rd5 Ke6 49. Rc5 Nb4 50. Rb5 Nc6 51. Kf3 Rd7 52. Ke4 Rd1 53. Rb6 Kd6 54. Rb7 Rc1 55. Kd3 Nd8 56. Rxg7 Ne6 57. Rg6 Nc5+ 58. Kd4 Nxa4 59. Bxa5 Ke6 60. Rxh6 Nc5 61. Bd8 Nb3+ 62. Ke4 Rc4+ 63. Kf3 Nd2+ 64. Ke3 Ne4 65. g4 Kd5 66. Bxf6 Rb4 67. Bg7 Rb3+ 68. Ke2 Ng3+ 69. Kd1 Ke4 70. Kc2 Rf3 71. Rb6 Rf2+ 72. Kb3 Kf3 73. h6 Rh2 74. f5 Ne4 75. f6 1-0

[Event "2BLO 2324 SV Deggendorf - SK Göggingen"]
[Site "?"]
[Date "2024.02.24"]
[Round "7.2"]
[White "Krivoborodov, Egor"]
[Black "Braeuer, Franz"]
[Result "1-0"]
[WhiteElo "2549"]
[BlackElo "2424"]
[PlyCount "79"]
[EventDate "2024.??.??"]

1. d4 Nf6 2. Bg5 d5 3. Nd2 e6 4. e3 Be7 5. Ngf3 O-O 6. Bd3 b6 7. Ne5 Bb7 8. Qf3 Nfd7 9. h4 Nxe5 10. dxe5 Nd7 11. Bf4 Nc5 12. Bxh7+ Kxh7 13. Qh5+ Kg8 14. Nf3 d4 15. O-O-O Be4 16. Rxd4 Bg6 17. Qg4 Qe8 18. h5 Bf5 19. Qg3 Qc6 20. Rc4 Kh8 21. h6 g6 22. Bg5 f6 23. exf6 Bxf6 24. Bxf6+ Rxf6 25. Qe5 Raf8 26. Rd1 Bd3 27. Rc3 Qa4 28. cxd3 Qxa2 29. Ra3 Qd5 30. Qxd5 exd5 31. Rxa7 g5 32. Rxc7 g4 33. Ne5 d4 34. Nxg4 Rg6 35. Ne5 Rxg2 36. Nf7+ Kh7 37. exd4 Ne6 38. Ng5+ Kxh6 39. Nxe6 Rfxf2 40. Rh1+ 1-0

[Event "2BLO 2324 SV Deggendorf - SK Göggingen"]
[Site "?"]
[Date "2024.02.24"]
[Round "7.3"]
[White "Prusikin, Michael"]
[Black "Delchev, Aleksander"]
[Result "1/2-1/2"]
[WhiteElo "2502"]
[BlackElo "2492"]
[PlyCount "29"]
[EventDate "2024.??.??"]

1. e4 e5 2. Nf3 Nc6 3. Bc4 Nf6 4. d3 Be7 5. O-O O-O 6. Re1 d6 7. a4 Na5 8. Ba2 c5 9. c3 Nc6 10. Na3 h6 11. Nc2 Re8 12. b4 cxb4 13. cxb4 d5 14. b5 Nb4 15. Nxb4 1/2-1/2

[Event "2BLO 2324 SV Deggendorf - SK Göggingen"]
[Site "?"]
[Date "2024.02.24"]
[Round "7.4"]
[White "Bogosavljevic, Boban"]
[Black "Wegener, Olaf"]
[Result "1-0"]
[WhiteElo "2464"]
[BlackElo "2396"]
[PlyCount "107"]
[EventDate "2024.??.??"]

1. Nf3 Nf6 2. g3 d5 3. Bg2 c6 4. c4 dxc4 5. O-O Nbd7 6. Qc2 Nb6 7. Na3 Be6 8. Ng5 Bg4 9. Nxc4 Bxe2 10. Ne5 Bh5 11. Re1 h6 12. Ne4 e6 13. Nxf6+ gxf6 14. Nxc6 bxc6 15. Bxc6+ Nd7 16. Qf5 Bg6 17. Rxe6+ Be7 18. Qxf6 O-O 19. Qxe7 fxe6 20. Qxe6+ Kh7 21. Qxd7+ Qxd7 22. Bxd7 Rad8 23. Ba4 Rf6 24. d3 Rb6 25. Bb3 Rxd3 26. Be3 Rb7 27. Rc1 Rdd7 28. Bf4 Be4 29. h3 Rb4 30. Be6 Rdb7 31. b3 R4b6 32. Bc4 Rd7 33. Kh2 Rf6 34. Re1 Bc6 35. Be2 Kg6 36. Be3 Bf3 37. g4 h5 38. Kg3 Bxe2 39. Rxe2 Rc6 40. f4 hxg4 41. hxg4 a5 42. f5+ Kf7 43. g5 a4 44. g6+ Kg7 45. Bf4 Kf6 46. Kg4 Rd4 47. Re8 Rc1 48. Re6+ Kg7 49. Re7+ Kf8 50. f6 Rg1+ 51. Kf5 Rxf4+ 52. Kxf4 Rxg6 53. Kf5 Rg2 54. Ra7 1-0

[Event "2BLO 2324 SV Deggendorf - SK Göggingen"]
[Site "?"]
[Date "2024.02.24"]
[Round "7.5"]
[White "Rozentalis, Eduardas"]
[Black "Sedlak, Nikola"]
[Result "1/2-1/2"]
[WhiteElo "2453"]
[BlackElo "2461"]
[PlyCount "29"]
[EventDate "2024.??.??"]

1. e4 c6 2. d4 d5 3. exd5 cxd5 4. Bd3 Nf6 5. c3 Bg4 6. Qb3 Qc7 7. h3 Bd7 8. Bg5 e6 9. Nd2 Nc6 10. Ne2 Bd6 11. Rc1 h6 12. Be3 Na5 13. Qd1 Nc4 14. Nxc4 dxc4 15. Bb1 1/2-1/2

[Event "2BLO 2324 SV Deggendorf - SK Göggingen"]
[Site "?"]
[Date "2024.02.24"]
[Round "7.6"]
[White "Stojanovic, Dalibor"]
[Black "Nestorovic, Nikola"]
[Result "1/2-1/2"]
[WhiteElo "2457"]
[BlackElo "2465"]
[PlyCount "36"]
[EventDate "2024.??.??"]

1. e4 c5 2. Nf3 d6 3. Bb5+ Bd7 4. Bxd7+ Qxd7 5. O-O Nc6 6. c3 d5 7. exd5 Qxd5 8. d4 e6 9. Be3 cxd4 10. Nxd4 Nxd4 11. Bxd4 Ne7 12. Qb3 Qc6 13. Nd2 Nf5 14. Nf3 Bd6 15. Rad1 O-O 16. Be5 Bc5 17. Bd4 Bd6 18. Be5 Bc5 1/2-1/2

[Event "2BLO 2324 SV Deggendorf - SK Göggingen"]
[Site "?"]
[Date "2024.02.24"]
[Round "7.7"]
[White "Stankovic, Milos"]
[Black "Popovic, Dusan"]
[Result "1/2-1/2"]
[WhiteElo "2464"]
[BlackElo "2504"]
[PlyCount "48"]
[EventDate "2024.??.??"]

1. e4 c5 2. Nf3 d6 3. d4 cxd4 4. Nxd4 Nf6 5. Nc3 a6 6. Bd3 e5 7. Nde2 Be6 8. f4 exf4 9. Nxf4 Nbd7 10. Nxe6 fxe6 11. Qe2 Ne5 12. Bf4 Qc7 13. O-O-O b5 14. Bxe5 dxe5 15. g4 Ba3 16. Nxb5 axb5 17. Bxb5+ Ke7 18. g5 Nd5 19. exd5 Qc3 20. bxa3 Qxa3+ 21. Kd2 Qb4+ 22. Kc1 Qa3+ 23. Kd2 Qb4+ 24. Kc1 Qa3+ 1/2-1/2

[Event "2BLO 2324 SV Deggendorf - SK Göggingen"]
[Site "?"]
[Date "2024.02.24"]
[Round "7.8"]
[White "Petrov, Martin"]
[Black "Pitl, Gregory"]
[Result "1-0"]
[WhiteElo "2514"]
[BlackElo "2369"]
[PlyCount "37"]
[EventDate "2024.??.??"]

1. e4 c6 2. d4 d5 3. e5 Bf5 4. Nf3 e6 5. Be2 Ne7 6. c3 Nd7 7. O-O c5 8. dxc5 Nxc5 9. Nd4 a6 10. Be3 Qc7 11. b4 Nd7 12. f4 Be4 13. Nd2 Qxc3 14. Bf2 Rc8 15. b5 Nc5 16. bxa6 bxa6 17. Bxa6 Nxa6 18. Nxe4 dxe4 19. Nb5 1-0

[Event "2BLO 2324 SC Bavaria Regensburg 1881 - S"]
[Site "?"]
[Date "2024.02.24"]
[Round "7.1"]
[White "Vykouk, Jan"]
[Black "Stocek, Jiri"]
[Result "1/2-1/2"]
[WhiteElo "2497"]
[BlackElo "2548"]
[PlyCount "89"]
[EventDate "2024.??.??"]

1. e4 c6 2. d4 d5 3. exd5 cxd5 4. Bd3 Nc6 5. c3 Nf6 6. Bf4 Bg4 7. Qb3 Qc8 8. Nd2 e6 9. Ngf3 Be7 10. O-O Bh5 11. Ne5 Nxe5 12. dxe5 Nd7 13. c4 Nc5 14. Qb5+ Qc6 15. cxd5 exd5 16. Rac1 O-O 17. Be3 Qxb5 18. Bxb5 Ne6 19. Nb3 Rfd8 20. Nd4 a6 21. Bd3 Nc5 22. Bb1 Bg6 23. Bxg6 hxg6 24. Nc6 bxc6 25. Bxc5 Rd7 26. f4 g5 27. Bxe7 Rxe7 28. Rxc6 gxf4 29. Rxf4 Rxe5 30. Rc7 f6 31. Rg4 g5 32. Rb4 Rd8 33. Rb6 d4 34. Rc2 d3 35. Rd2 Ra5 36. b4 Ra4 37. Rxf6 Kg7 38. Rb6 Rd4 39. b5 axb5 40. Rxb5 Kg6 41. Rb1 Rd6 42. Kf2 Rf6+ 43. Kg1 Rd6 44. Kf2 Rf6+ 45. Kg1 1/2-1/2